[Event "Paleochora op 16th"]
[Site "Paleochora"]
[Date "2023.07.20"]
[Round "2"]
[White "Jobava, Baadur"]
[Black "Pahl, Theis"]
[Result "1-0"]
[WhiteElo "2566"]
[BlackElo "2181"]
[PlyCount "91"]
[EventDate "2023.07.19"]
[EventType "swiss"]
[EventRounds "9"]
[EventCountry "GRE"]
[SourceTitle "EXT 2024"]
[Source "ChessBase"]
[SourceDate "2023.10.10"]
[SourceVersion "1"]
[SourceVersionDate "2023.10.10"]
[SourceQuality "1"]

1. d4 d5 2. c4 e6 3. Nc3 Nf6 4. Bf4 c5 5. e3 cxd4 6. exd4 Bb4 7. Rc1 Ne4 8. Bd3 Nc6 9. Bxe4 dxe4 10. Nge2 Bxc3+ 11. Rxc3 0-0 12. 0-0 Qe7 13. Rg3 Kh8 14. Nc3 Rd8 15. Be3 Qb4 16. Qh5 Qf8 17. Nxe4 f6 18. Rd1 b6 19. Rh3 Qg8 20. Rg3 Qf8 21. Rh3 Qg8 22. g4 Bb7 23. g5 Nxd4 24. Rxd4 Rxd4 25. Bxd4 Bxe4 26. gxf6 gxf6+ 27. Rg3 Qf8 28. Qg5 Bg6 29. Rf3 Kg8 30. Rxf6 Qd6 31. Rxg6+ hxg6 32. Qxg6+ Kf8 33. Qg7+ Ke8 34. Qg8+ Kd7 35. Qxa8 Qxd4 36. Qxa7+ Kc8 37. Qa3 Qd1+ 38. Kg2 Qg4+ 39. Qg3 Qe4+ 40. Qf3 Qg6+ 41. Kh3 Qh6+ 42. Kg3 Qg7+ 43. Qg4 Qe5+ 44. Kg2 Kd7 45. b3 Qb2 46. Qf3 1-0

[Event "Oberliga Nord W 2122"]
[Site "Germany"]
[Date "2022.04.24"]
[Round "5.2"]
[White "Pahl, Theis"]
[Black "Lehmann, Holger"]
[Result "1/2-1/2"]
[WhiteElo "2219"]
[BlackElo "2141"]
[PlyCount "77"]
[EventDate "2021.10.10"]
[EventType "team-tourn"]
[EventRounds "9"]
[EventCountry "GER"]
[SourceTitle "EXT 2023"]
[Source "ChessBase"]
[SourceDate "2022.10.05"]
[SourceVersion "1"]
[SourceVersionDate "2022.10.05"]
[SourceQuality "1"]
[WhiteTeam "Delmenhorst"]
[BlackTeam "Hellern"]
[WhiteTeamCountry "GER"]
[BlackTeamCountry "GER"]

1. e4 c5 2. Nc3 a6 3. g4 b5 4. Bg2 Bb7 5. d3 e6 6. Nh3 b4 7. Ne2 d5 8. 0-0 dxe4 9. dxe4 Qxd1 10. Rxd1 Nf6 11. f3 h6 12. Nf2 Nc6 13. h4 Nd7 14. g5 Be7 15. g6 fxg6 16. Nf4 Nf8 17. Be3 Ne5 18. N2d3 Nxd3 19. Nxd3 Rc8 20. Ne5 c4 21. Bf1 c3 22. bxc3 Rxc3 23. Bd4 Rc8 24. Rab1 g5 25. h5 g6 26. hxg6 Rg8 27. Bc4 g4 28. fxg4 Rxc4 29. Nxc4 Nxg6 30. Ne3 Bxe4 31. a3 a5 32. axb4 axb4 33. Kf2 Nf4 34. Ke1 Nd5 35. Kd2 Bg5 36. Ra1 Bxe3+ 37. Bxe3 Rxg4 38. Rg1 h5 39. Rxg4 1/2-1/2

[Event "Oberliga Nord W 2122"]
[Site "Germany"]
[Date "2021.10.10"]
[Round "1.3"]
[White "Pahl, Theis"]
[Black "Hartogh, Christian"]
[Result "1-0"]
[WhiteElo "2178"]
[BlackElo "2128"]
[PlyCount "51"]
[EventDate "2021.10.10"]
[EventType "team-tourn"]
[EventRounds "9"]
[EventCountry "GER"]
[SourceTitle "EXT 2023"]
[Source "ChessBase"]
[SourceDate "2022.10.05"]
[SourceVersion "1"]
[SourceVersionDate "2022.10.05"]
[SourceQuality "1"]
[WhiteTeam "Delmenhorst"]
[BlackTeam "Lehrte"]
[WhiteTeamCountry "GER"]
[BlackTeamCountry "GER"]

1. e4 c5 2. Nc3 a6 3. g4 b5 4. Bg2 Bb7 5. d3 e6 6. Nh3 d5 7. 0-0 Ne7 8. f4 g6 9. f5 d4 10. fxe6 dxc3 11. exf7+ Kd7 12. d4 Bg7 13. bxc3 Nbc6 14. dxc5+ Kc7 15. Bf4+ Ne5 16. Ng5 Bc8 17. Qxd8+ Rxd8 18. Bxe5+ Bxe5 19. f8Q Rxf8 20. Rxf8 Bxc3 21. Rd1 Bxg4 22. Ne6+ Bxe6 23. Rxa8 Nc6 24. Rxa6 Bg4 25. Rd6 Ne5 26. Ra7+ 1-0

[Event "GER-chT U16"]
[Site "Willingen"]
[Date "2021.06.25"]
[Round "4.4"]
[White "Haufe, Laurin"]
[Black "Pahl, Theis"]
[Result "1-0"]
[WhiteElo "2052"]
[BlackElo "2123"]
[PlyCount "39"]
[EventDate "2021.06.23"]
[EventType "team-swiss"]
[EventRounds "7"]
[EventCountry "GER"]
[SourceTitle "CBM 203 Extra"]
[Source "ChessBase"]
[SourceDate "2021.09.30"]
[SourceVersion "1"]
[SourceVersionDate "2021.09.30"]
[SourceQuality "1"]
[WhiteTeam "Leipzig SG "]
[BlackTeam "Delmenhorst"]
[WhiteTeamCountry "GER"]
[BlackTeamCountry "GER"]

1. e4 e5 2. Nf3 Nc6 3. d4 exd4 4. Nxd4 Bc5 5. Be3 Qf6 6. c3 Nge7 7. Bc4 b6 8. 0-0 Bb7 9. Nb5 0-0-0 10. Bxc5 bxc5 11. Nd2 d5 12. exd5 Ne5 13. Nxa7+ Kb8 14. Nb5 Nxc4 15. Nxc4 Nxd5 16. Qa4 Nf4 17. Qa7+ Kc8 18. Qxc5 Nh3+ 19. Kh1 Qf3 20. Qxc7# 1-0

[Event "GER-chT U16"]
[Site "Willingen"]
[Date "2021.06.25"]
[Round "3.2"]
[White "Pahl, Theis"]
[Black "Heutling, Elina"]
[Result "0-1"]
[WhiteElo "2123"]
[BlackElo "1922"]
[PlyCount "50"]
[EventDate "2021.06.23"]
[EventType "team-swiss"]
[EventRounds "7"]
[EventCountry "GER"]
[SourceTitle "CBM 203 Extra"]
[Source "ChessBase"]
[SourceDate "2021.09.30"]
[SourceVersion "1"]
[SourceVersionDate "2021.09.30"]
[SourceQuality "1"]
[WhiteTeam "Delmenhorst"]
[BlackTeam "Magdeburg Schachzwerge"]
[WhiteTeamCountry "GER"]
[BlackTeamCountry "GER"]

1. e4 c5 2. Nc3 d6 3. d4 cxd4 4. Qxd4 Nc6 5. Qd2 g6 6. f4 Bh6 7. Qf2 Nf6 8. Bd3 e5 9. Nge2 Ng4 10. Qg3 f5 11. 0-0 Rf8 12. Nd5 exf4 13. Bxf4 g5 14. exf5 Nge5 15. Qh3 Nxd3 16. Qxh6 Nxf4 17. Nexf4 gxf4 18. Rae1+ Ne5 19. Rxf4 Qa5 20. Nc3 Qb6+ 21. Kh1 Rxf5 22. Rxf5 Bxf5 23. Qf6 Qf2 24. Rd1 Nd7 25. Nd5 Nxf6 0-1

[Event "Prague op"]
[Site "Prague"]
[Date "2021.06.16"]
[Round "4"]
[White "Pahl, Theis"]
[Black "Neuman, Petr"]
[Result "0-1"]
[WhiteElo "2123"]
[BlackElo "2394"]
[PlyCount "78"]
[EventDate "2021.06.14"]
[EventType "swiss"]
[EventRounds "9"]
[EventCountry "CZE"]
[SourceTitle "CBM 203 Extra"]
[Source "ChessBase"]
[SourceDate "2021.09.30"]
[SourceVersion "1"]
[SourceVersionDate "2021.09.30"]
[SourceQuality "1"]

1. b4 d5 2. Bb2 Qd6 3. a3 a5 4. b5 e5 5. e3 Be6 6. a4 c5 7. bxc6 bxc6 8. Ba3 Qd8 9. Bxf8 Kxf8 10. d4 e4 11. h4 Nf6 12. Nh3 Bxh3 13. Rxh3 g6 14. Be2 h6 15. Nd2 Kg7 16. h5 g5 17. Nf1 Qd7 18. g4 Ne8 19. Ng3 Nd6 20. c4 dxc4 21. d5 c5 22. Rc1 Na6 23. Bxc4 Nb4 24. f3 exf3 25. Qxf3 Rhe8 26. Kf1 Re5 27. Rh2 f5 28. Rf2 Rf8 29. e4 f4 30. Nf5+ Nxf5 31. gxf5 Qd6 32. Bb5 Kh7 33. Re2 Rf7 34. Qf2 g4 35. Qxc5 Qf6 36. Qf2 f3 37. Rd2 Qg5 38. Qd4 g3 39. Be8 Rxe8 0-1

[Event "GER-chT Christmas U16 Lasker"]
[Site "Playchess.com INT"]
[Date "2020.12.28"]
[Round "2.2"]
[White "Pahl, Theis"]
[Black "Rudolph, Eva"]
[Result "1-0"]
[WhiteElo "2123"]
[BlackElo "1860"]
[PlyCount "85"]
[EventDate "2020.12.28"]
[EventType "team-swiss (blitz)"]
[EventRounds "7"]
[EventCountry "GER"]
[SourceTitle "CBM 200 Extra"]
[Source "ChessBase"]
[SourceDate "2021.03.31"]
[SourceVersion "1"]
[SourceVersionDate "2021.03.31"]
[SourceQuality "1"]
[WhiteTeam "Delmenhorst"]
[BlackTeam "Duesseldorf"]
[WhiteTeamCountry "GER"]
[BlackTeamCountry "GER"]

1. e4 c5 2. Nf3 e6 3. d4 cxd4 4. Nxd4 a6 5. Bd3 Nf6 6. 0-0 Qc7 7. Qe2 d6 8. c4 g6 9. Nc3 Bg7 10. Rd1 b6 11. Nf3 0-0 12. Bf4 Nh5 13. Be3 Bb7 14. Rac1 Nd7 15. h3 Nhf6 16. Bf4 Ne5 17. Nxe5 dxe5 18. Be3 Rfd8 19. f3 Rac8 20. Qf2 Nd7 21. b4 Bf8 22. a3 Qc6 23. h4 a5 24. Rb1 Ra8 25. b5 Qc7 26. Na4 Nc5 27. Nxc5 Bxc5 28. Bxc5 Qxc5 29. Qxc5 bxc5 30. Kf2 Kf8 31. Ke3 Ke7 32. b6 Ra6 33. Bc2 Rxd1 34. Bxd1 Kd6 35. Ba4 h5 36. Rd1+ Bd5 37. exd5 Rxb6 38. Bb5 f5 39. dxe6+ Kxe6 40. Rd8 Rb7 41. a4 Ra7 42. Rc8 Kd6 43. Rc6+ 1-0

[Event "GER-ch U18"]
[Site "Willingen"]
[Date "2020.10.24"]
[Round "7"]
[White "Junker, Magnus"]
[Black "Pahl, Theis"]
[Result "0-1"]
[WhiteElo "2093"]
[BlackElo "2056"]
[PlyCount "92"]
[EventDate "2020.10.19"]
[EventType "swiss"]
[EventRounds "7"]
[EventCountry "GER"]
[SourceTitle "EXT 2022"]
[Source "ChessBase"]
[SourceDate "2021.10.06"]
[SourceVersion "1"]
[SourceVersionDate "2021.10.06"]
[SourceQuality "1"]

1. e4 c5 2. Nf3 Nf6 3. e5 Nd5 4. Nc3 e6 5. Nxd5 exd5 6. d4 Nc6 7. dxc5 Bxc5 8. Be2 d6 9. exd6 Qxd6 10. 0-0 0-0 11. a3 a5 12. b3 Re8 13. Bb2 Bg4 14. Re1 Bb6 15. Qd2 Qc5 16. Bd3 Bxf3 17. gxf3 Nd4 18. Kg2 Ne6 19. Rg1 d4 20. Kh1 Qh5 21. Be4 Bc7 22. Rg2 Nf4 23. Rg3 Re6 24. Qd1 Rh6 25. Qg1 Ne2 26. Qg2 Bxg3 27. fxg3 Nc3 28. Bxb7 Re8 29. Bxc3 dxc3 30. Rd1 Rhe6 31. Qf1 Qc5 32. Be4 Re5 33. g4 h5 34. Qh3 g6 35. Rg1 Kg7 36. b4 axb4 37. axb4 Qe3 38. Bd3 Rh8 39. Qg2 hxg4 40. fxg4 Qd2 41. b5 Re3 42. Bf1 Re6 43. h3 Re3 44. Qh2 Qd5+ 45. Bg2 Rexh3 46. Bxd5 Rxh2# 0-1

[Event "GER-ch U18"]
[Site "Willingen"]
[Date "2020.10.23"]
[Round "5"]
[White "Pahl, Theis"]
[Black "Stelmaszyk, Nico"]
[Result "0-1"]
[WhiteElo "2056"]
[BlackElo "2301"]
[PlyCount "42"]
[EventDate "2020.10.19"]
[EventType "swiss"]
[EventRounds "7"]
[EventCountry "GER"]
[SourceTitle "EXT 2022"]
[Source "ChessBase"]
[SourceDate "2021.10.06"]
[SourceVersion "1"]
[SourceVersionDate "2021.10.06"]
[SourceQuality "1"]

1. e4 e5 2. Nc3 Nf6 3. g3 Nc6 4. Bg2 Bc5 5. d3 d6 6. Na4 Bg4 7. f3 Be6 8. Nxc5 dxc5 9. Be3 b6 10. Ne2 Qd7 11. b3 Bh3 12. Bxh3 Qxh3 13. Qd2 Nd4 14. Ng1 Qe6 15. c3 Nc6 16. Ne2 Qh3 17. 0-0-0 0-0 18. g4 Qxf3 19. Rdf1 Qh3 20. Rfg1 Nxe4 21. dxe4 Rad8 0-1

[Event "Oberliga Nord W 1920"]
[Site "Germany"]
[Date "2020.03.01"]
[Round "7.4"]
[White "Pahl, Theis"]
[Black "Hampel, Felix"]
[Result "0-1"]
[WhiteElo "2022"]
[BlackElo "2295"]
[PlyCount "76"]
[EventDate "2019.09.29"]
[EventType "team-tourn"]
[EventRounds "9"]
[EventCountry "GER"]
[SourceTitle "CBM 195 Extra"]
[Source "ChessBase"]
[SourceDate "2020.05.31"]
[SourceVersion "1"]
[SourceVersionDate "2020.05.31"]
[SourceQuality "1"]

1. e4 c5 2. Nc3 Nc6 3. Bb5 Nd4 4. Nf3 e6 5. 0-0 a6 6. Bd3 Ne7 7. Nxd4 cxd4 8. Ne2 Nc6 9. b3 d5 10. exd5 Qxd5 11. Bb2 Bc5 12. Ng3 0-0 13. c4 Qg5 14. f4 Qh4 15. Ne4 Be7 16. Qe2 f5 17. Ng3 Bd7 18. Rae1 Rae8 19. Qf2 Qf6 20. a3 a5 21. Kh1 Bc5 22. Qf3 b6 23. Bb1 g6 24. Ne2 Rf7 25. Nc1 g5 26. Nd3 Rg7 27. Ne5 Nxe5 28. fxe5 Qh6 29. Re2 g4 30. Qf4 Qh5 31. Qg3 Bc6 32. b4 axb4 33. axb4 Bxb4 34. Bxd4 Be7 35. Kg1 Bh4 36. Qd3 Rd8 37. Rf4 g3 38. h3 Bg5 0-1

[Event "Oberliga Nord W 1920"]
[Site "Germany"]
[Date "2020.01.19"]
[Round "5.7"]
[White "Jacobi, Felix Hagen"]
[Black "Pahl, Theis"]
[Result "1-0"]
[WhiteElo "2082"]
[BlackElo "2022"]
[PlyCount "55"]
[EventDate "2019.09.29"]
[EventType "team-tourn"]
[EventRounds "9"]
[EventCountry "GER"]
[SourceTitle "CBM 195 Extra"]
[Source "ChessBase"]
[SourceDate "2020.05.31"]
[SourceVersion "1"]
[SourceVersionDate "2020.05.31"]
[SourceQuality "1"]

1. e4 c5 2. f4 d5 3. exd5 Qxd5 4. Nc3 Qd8 5. Nf3 Nf6 6. a4 g6 7. Bb5+ Nbd7 8. d3 Bg7 9. Be3 0-0 10. a5 Qc7 11. 0-0 Rd8 12. Bc4 e6 13. Qe2 b6 14. axb6 Nxb6 15. Nb5 Qe7 16. Ne5 Nxc4 17. dxc4 Qb7 18. Bxc5 Ne4 19. Ba3 a6 20. Rad1 Qb6+ 21. c5 Nxc5 22. Nc4 Qxb5 23. Rxd8+ Bf8 24. Rfd1 Bb7 25. Qe5 Bd5 26. Rxa8 Bxa8 27. Rd8 Bd5 28. Qd6 1-0

[Event "GER-chT U16"]
[Site "Magdeburg"]
[Date "2019.12.29"]
[Round "6.7"]
[White "Brueckner, Alexander"]
[Black "Pahl, Theis"]
[Result "0-1"]
[WhiteElo "1876"]
[BlackElo "2022"]
[PlyCount "56"]
[EventDate "2019.12.27"]
[EventType "team-swiss"]
[EventRounds "7"]
[EventCountry "GER"]
[SourceTitle "CBM 194 Extra"]
[Source "ChessBase"]
[SourceDate "2020.03.31"]
[SourceVersion "1"]
[SourceVersionDate "2020.03.31"]
[SourceQuality "1"]
[WhiteTeam "Augsburg"]
[BlackTeam "Delmenhorst"]
[WhiteTeamCountry "GER"]
[BlackTeamCountry "GER"]

1. e4 c5 2. Nc3 a6 3. d3 b5 4. g3 Bb7 5. Bg2 e6 6. f4 b4 7. Nce2 d5 8. exd5 exd5 9. d4 Nf6 10. Nf3 Nc6 11. 0-0 Be7 12. h3 0-0 13. Be3 Ne4 14. dxc5 Re8 15. Kh2 Bf6 16. Bd4 Nxd4 17. Nexd4 Nxc5 18. Qd2 Qb6 19. Rae1 Ne4 20. Qe3 a5 21. Ne5 Bxe5 22. fxe5 Rxe5 23. Qf4 f6 24. Nf5 Rae8 25. Qg4 Qc7 26. Nd4 Nd2 27. Rxf6 Rxe1 28. Nf5 Kh8 0-1

[Event "Oberliga Nord W 1920"]
[Site "Germany"]
[Date "2019.12.08"]
[Round "4.7"]
[White "Pahl, Theis"]
[Black "Ploog, Martin"]
[Result "1-0"]
[WhiteElo "2022"]
[BlackElo "2068"]
[PlyCount "53"]
[EventDate "2019.09.29"]
[EventType "team-tourn"]
[EventRounds "9"]
[EventCountry "GER"]
[SourceTitle "CBM 195 Extra"]
[Source "ChessBase"]
[SourceDate "2020.05.31"]
[SourceVersion "1"]
[SourceVersionDate "2020.05.31"]
[SourceQuality "1"]

1. e4 d6 2. d4 Nf6 3. Nc3 Nbd7 4. f4 e5 5. Nf3 exd4 6. Qxd4 c6 7. Be3 d5 8. exd5 Bc5 9. Qd3 Qe7 10. Kd2 Bb4 11. Re1 Ne4+ 12. Kd1 Bxc3 13. bxc3 cxd5 14. Bd4 0-0 15. c4 Ndc5 16. Qa3 Rd8 17. Bd3 Qd6 18. Be5 Qh6 19. Kc1 Be6 20. Nd4 Rac8 21. cxd5 Nf2 22. Bc4 Nxh1 23. dxe6 Nxe6 24. Nf5 Qxh2 25. Bxe6 fxe6 26. Qe7 Qxg2 27. Qxe6+ 1-0

[Event "Oberliga Nord W 1920"]
[Site "Germany"]
[Date "2019.10.20"]
[Round "2.5"]
[White "Pahl, Theis"]
[Black "Plasman, Hans"]
[Result "0-1"]
[WhiteElo "2022"]
[BlackElo "2061"]
[PlyCount "98"]
[EventDate "2019.09.29"]
[EventType "team-tourn"]
[EventRounds "9"]
[EventCountry "GER"]
[SourceTitle "CBM 195 Extra"]
[Source "ChessBase"]
[SourceDate "2020.05.31"]
[SourceVersion "1"]
[SourceVersionDate "2020.05.31"]
[SourceQuality "1"]

1. e4 c5 2. Nf3 Nc6 3. d4 cxd4 4. Nxd4 e5 5. Nb5 d6 6. N1c3 a6 7. Na3 Be7 8. Nc4 b5 9. Ne3 Nf6 10. Bd3 Be6 11. 0-0 0-0 12. a4 b4 13. Ncd5 g6 14. Bd2 a5 15. f3 Nh5 16. Bc4 Bg5 17. Kh1 Kh8 18. Qe1 Ng7 19. c3 bxc3 20. Bxc3 Qb8 21. h4 Bd8 22. g3 Ra7 23. Nc2 Rb7 24. Na3 Nb4 25. Qd2 Nh5 26. Kh2 Nxd5 27. exd5 Bd7 28. Nb5 f5 29. Rfe1 Bf6 30. Bxa5 f4 31. g4 Bxh4 32. gxh5 Rf5 33. Rh1 Rxh5 34. Kg1 Qc8 35. Rc1 Rg5+ 36. Kf1 Bh3+ 37. Ke2 Rg2+ 38. Kd1 Rxd2+ 39. Bxd2 Qd7 40. Nxd6 Rxb2 41. Nb5 Bf6 42. Rg1 Bf5 43. Rf1 h5 44. d6 h4 45. Bd5 Bd3 46. Rc7 Qh3 47. Re1 Qg2 48. Bxf4 Bc2+ 49. Kc1 Rb1# 0-1

[Event "Police Gniota Memorial 34th"]
[Site "Police"]
[Date "2019.07.13"]
[Round "4"]
[White "Pahl, Theis"]
[Black "Hommer, Jeremy"]
[Result "0-1"]
[WhiteElo "1953"]
[BlackElo "2083"]
[PlyCount "56"]
[EventDate "2019.07.10"]
[EventType "swiss"]
[EventRounds "9"]
[EventCountry "POL"]
[SourceTitle "EXT 2020"]
[Source "ChessBase"]
[SourceDate "2019.10.17"]
[SourceVersion "1"]
[SourceVersionDate "2019.10.17"]
[SourceQuality "1"]

1. e4 e6 2. d4 d5 3. Nc3 Nf6 4. e5 Nfd7 5. f4 c5 6. Nf3 Nc6 7. Be3 a6 8. Qd2 b5 9. Nd1 b4 10. c3 Qb6 11. Be2 a5 12. Bf2 Ba6 13. Bxa6 Qxa6 14. f5 Be7 15. Qf4 bxc3 16. bxc3 cxd4 17. Bxd4 Rc8 18. Qg4 Nxd4 19. Nxd4 Nxe5 20. Qxg7 Nd3+ 21. Kd2 Rf8 22. fxe6 fxe6 23. Nxe6 Qxe6 24. Kxd3 Rg8 25. Qxh7 Rxg2 26. Qh5+ Kd8 27. Qf3 Qg6+ 28. Kd4 Rc4+ 0-1

[Event "Bremen Silvester op"]
[Site "Bremen"]
[Date "2018.12.27"]
[Round "1"]
[White "Pahl, Theis"]
[Black "Salm, Andreas"]
[Result "1-0"]
[WhiteElo "2021"]
[BlackElo "1517"]
[PlyCount "55"]
[EventDate "2018.12.27"]
[EventType "swiss"]
[EventRounds "7"]
[EventCountry "GER"]
[SourceTitle "CBM 188 Extra"]
[Source "ChessBase"]
[SourceDate "2019.02.26"]
[SourceVersion "1"]
[SourceVersionDate "2019.02.26"]
[SourceQuality "1"]

1. e4 d5 2. exd5 Qxd5 3. Nc3 Qa5 4. d4 Nf6 5. Bc4 Bg4 6. f3 Bf5 7. Nge2 e6 8. 0-0 Bb4 9. a3 Bxc3 10. Nxc3 c6 11. Bf4 Nbd7 12. Bd3 Bxd3 13. Qxd3 0-0 14. b4 Qd8 15. Ne4 Nxe4 16. fxe4 Nf6 17. Bg5 e5 18. dxe5 Qxd3 19. cxd3 Nd7 20. d4 f6 21. exf6 Nxf6 22. Rae1 Nd7 23. Rxf8+ Nxf8 24. d5 cxd5 25. exd5 Ng6 26. d6 h6 27. d7 hxg5 28. Re8+ 1-0

[Event "Oberliga Nord W 1819"]
[Site "Germany"]
[Date "2018.11.25"]
[Round "3.7"]
[White "Pahl, Theis"]
[Black "Buerckner, Hartmut"]
[Result "1/2-1/2"]
[WhiteElo "1996"]
[BlackElo "2168"]
[PlyCount "119"]
[EventDate "2018.10.21"]
[EventType "team-tourn"]
[EventRounds "9"]
[EventCountry "GER"]
[SourceTitle "EXT 2020"]
[Source "ChessBase"]
[SourceDate "2019.10.17"]
[SourceVersion "1"]
[SourceVersionDate "2019.10.17"]
[SourceQuality "1"]
[WhiteTeam "Delmenhorst"]
[BlackTeam "Oldenburg Union"]
[WhiteTeamCountry "GER"]
[BlackTeamCountry "GER"]

1. e4 c5 2. Nf3 d6 3. d4 cxd4 4. Nxd4 Nf6 5. Nc3 a6 6. Bg5 e6 7. f4 Be7 8. Qf3 Qc7 9. 0-0-0 Nbd7 10. f5 e5 11. Nb3 b5 12. a3 Bb7 13. Bxf6 Nxf6 14. g4 h6 15. h4 0-0-0 16. Nd5 Nxd5 17. exd5 Kb8 18. Qe4 Rc8 19. Kb1 Rhe8 20. Rh2 Qd8 21. a4 bxa4 22. Qxa4 Qb6 23. Na5 e4 24. Nxb7 Bf6 25. Qa3 Kxb7 26. Rh3 e3 27. Rd3 Bxb2 28. Qxb2 Qxb2+ 29. Kxb2 e2 30. Bxe2 Rxe2 31. Rc3 Rxc3 32. Kxc3 Kb6 33. Rg3 Kc5 34. Kd3 Re7 35. f6 gxf6 36. Rf3 h5 37. gxh5 Re5 38. h6 Rxd5+ 39. Ke4 Rd4+ 40. Ke3 Rxh4 41. Rxf6 Kd5 42. Kd2 Ke5 43. Rxf7 Rxh6 44. Kc3 d5 45. Ra7 Rc6+ 46. Kd3 Kd6 47. Ra8 Kc5 48. Kc3 Kb5+ 49. Kb3 a5 50. Rb8+ Rb6 51. Rd8 Ka6+ 52. Ka4 Rb4+ 53. Ka3 Rb5 54. Ka4 Rc5 55. Ra8+ Kb6 56. Rb8+ Kc6 57. Rc8+ Kd6 58. Rxc5 Kxc5 59. Kxa5 d4 60. Ka6 1/2-1/2

[Event "Oberliga Nord W 1819"]
[Site "Germany"]
[Date "2018.10.21"]
[Round "1.8"]
[White "Steffens, Olaf"]
[Black "Pahl, Theis"]
[Result "1-0"]
[WhiteElo "2184"]
[BlackElo "1996"]
[PlyCount "105"]
[EventDate "2018.10.21"]
[EventType "team-tourn"]
[EventRounds "9"]
[EventCountry "GER"]
[SourceTitle "EXT 2020"]
[Source "ChessBase"]
[SourceDate "2019.10.17"]
[SourceVersion "1"]
[SourceVersionDate "2019.10.17"]
[SourceQuality "1"]
[WhiteTeam "Werder Bremen II"]
[BlackTeam "Delmenhorst"]
[WhiteTeamCountry "GER"]
[BlackTeamCountry "GER"]

1. Nf3 c5 2. c4 Nc6 3. g3 g6 4. Bg2 Bg7 5. Nc3 d6 6. d3 Bd7 7. Bd2 Nf6 8. Qc1 0-0 9. Bh6 a6 10. h4 Bxh6 11. Qxh6 Qb6 12. Rb1 Ng4 13. Qd2 h5 14. a3 Qa5 15. b4 Qxa3 16. bxc5 Qxc5 17. Ne4 Qa7 18. Bh3 Kg7 19. Qb2+ f6 20. Nfg5 Qd4 21. Qxd4 Nxd4 22. Nf3 Nc6 23. Rxb7 Rfb8 24. Rxb8 Rxb8 25. 0-0 Rb2 26. Ra1 a5 27. Nc3 Rc2 28. Ra3 Kf7 29. Kg2 Ke8 30. Ne1 Rb2 31. Bxg4 hxg4 32. f4 Nd4 33. Kf2 a4 34. Ra2 Rxa2 35. Nxa2 Kd8 36. e3 Nc6 37. Nc2 Kc7 38. Ke2 Kb6 39. Kd2 e6 40. Kc3 Ne7 41. e4 e5 42. fxe5 dxe5 43. d4 f5 44. c5+ Kb7 45. dxe5 fxe4 46. Nab4 Nf5 47. Nd4 Nxg3 48. e6 Be8 49. c6+ Bxc6 50. Nbxc6 Kc7 51. Ne5 Nf5 52. Nxf5 gxf5 53. e7 1-0

[Event "Dortmund Sparkassen op-A 46th"]
[Site "Dortmund"]
[Date "2018.07.22"]
[Round "9"]
[White "Pahl, Theis"]
[Black "Groneberg, Joerg"]
[Result "1-0"]
[WhiteElo "1959"]
[BlackElo "2034"]
[PlyCount "67"]
[EventDate "2018.07.14"]
[EventType "swiss"]
[EventRounds "9"]
[EventCountry "GER"]
[SourceTitle "CBM 185 Extra"]
[Source "ChessBase"]
[SourceDate "2018.07.29"]
[SourceVersion "1"]
[SourceVersionDate "2018.07.29"]
[SourceQuality "1"]

1. e4 g6 2. d4 Bg7 3. Nc3 d6 4. f4 Nf6 5. Nf3 0-0 6. e5 dxe5 7. fxe5 Nd5 8. Bc4 c6 9. 0-0 h6 10. Ne4 b5 11. Bd3 Nb4 12. Be2 Bf5 13. a3 Bxe4 14. axb4 Nd7 15. Bd3 Bxd3 16. Qxd3 e6 17. Bd2 Nb6 18. b3 Qd7 19. Ra2 Rfb8 20. c3 Bf8 21. Qc2 Nd5 22. Qc1 Kh7 23. Be1 Be7 24. Raf2 Rf8 25. Bd2 h5 26. Qe1 Qd8 27. Qe4 Rc8 28. c4 Nxb4 29. Qe3 Rh8 30. Bxb4 Bxb4 31. Ng5+ Kg8 32. Nxf7 Qe7 33. Nxh8 Kxh8 34. Rf7 1-0

[Event "Dortmund Sparkassen op-A 46th"]
[Site "Dortmund"]
[Date "2018.07.18"]
[Round "5"]
[White "Pahl, Theis"]
[Black "Windfuhr, Thomas"]
[Result "1/2-1/2"]
[WhiteElo "1959"]
[BlackElo "2231"]
[PlyCount "167"]
[EventDate "2018.07.14"]
[EventType "swiss"]
[EventRounds "9"]
[EventCountry "GER"]
[SourceTitle "CBM 185 Extra"]
[Source "ChessBase"]
[SourceDate "2018.07.29"]
[SourceVersion "1"]
[SourceVersionDate "2018.07.29"]
[SourceQuality "1"]

1. e4 e6 2. d4 d5 3. exd5 exd5 4. Nf3 Bd6 5. c4 Qe7+ 6. Be3 Nf6 7. Nc3 Bb4 8. Be2 Bxc3+ 9. bxc3 0-0 10. 0-0 Ne4 11. Qb3 c6 12. Rab1 Nd7 13. Rfc1 dxc4 14. Bxc4 b5 15. Bd3 Ndf6 16. Ne5 Qb7 17. Qc2 Nd6 18. Bg5 h6 19. Bxf6 gxf6 20. Nf3 Be6 21. c4 Qd7 22. Qd2 bxc4 23. Bc2 Kg7 24. Qf4 Rh8 25. a4 Rad8 26. Rb4 Qe7 27. Rcb1 Bd5 28. Re1 Qc7 29. Reb1 Qa5 30. Qg3+ Kf8 31. Qf4 Ne8 32. Nh4 Be6 33. Nf5 Bxf5 34. Bxf5 Qd5 35. Qe4 Nd6 36. Qxd5 cxd5 37. Bc2 Kg7 38. a5 Rhe8 39. Rd1 Rb8 40. Rxb8 Rxb8 41. Ba4 c3 42. Kf1 Rb4 43. Bc2 Nc4 44. Rd3 Nxa5 45. Rxc3 Nc4 46. Ke2 a5 47. Bd3 a4 48. Bxc4 Rxc4 49. Kd3 Rb4 50. Ra3 Kg6 51. Rc3 Kf5 52. Rc5 Rb3+ 53. Kc2 Ke4 54. Rc6 Kxd4 55. Rxf6 Kc5 56. Rxh6 Rb7 57. Ra6 Kb4 58. Kb2 d4 59. h4 d3 60. h5 Rb5 61. h6 d2 62. Kc2 Rd5 63. Kd1 a3 64. h7 Rh5 65. Kxd2 Rxh7 66. Rb6+ Ka4 67. Kc3 f5 68. Ra6+ Kb5 69. Rxa3 Rh2 70. Kd4 Rxg2 71. Ra2 Rg8 72. Rc2 f4 73. Ke4 Rf8 74. f3 Kb6 75. Ke5 Kb5 76. Rc1 Kb6 77. Rc4 Kb5 78. Rxf4 Re8+ 79. Kf5 Kc5 80. Re4 Rf8+ 81. Kg4 Rg8+ 82. Kf4 Rf8+ 83. Kg4 Rg8+ 84. Kf4 1/2-1/2